000 00400nam a2200157Ia 4500
005 20250310060144.0
008 240331s9999 xx 000 0 und d
020 _a9555570043
082 _bARI
_a894
100 _aAriyaratne,S
245 0 _aHaththawe kolaniya
260 _aNugegoda
_bPiyavi Book Publishers
_c1987
300 _a270 p ., ( v 1 )
500 _aA novel about 70s Colonial
942 _cL
999 _c4928
_d4928